[Event "IECC M email"]
[Site "IECC email"]
[Date "2002.02.02"]
[Round "?"]
[White "Vogel, Trevor"]
[Black "Munnell, Jonathan C"]
[Result "1-0"]
[WhiteElo "1111"]
[BlackElo "1083"]
[PlyCount "25"]
[EventDate "2002.??.??"]
[EventType "tourn (corr)"]
[EventRounds "6"]
[SourceTitle "Corr 2008"]
[Source "ChessBase"]
[SourceDate "2008.06.24"]
[SourceVersion "1"]
[SourceVersionDate "2008.06.24"]
[SourceQuality "1"]

1. e4 c5 2. Nf3 Nc6 3. d4 cxd4 4. Nxd4 g6 5. b3 Bg7 6. Bb2 Nxd4 7. Bxd4 e5 8. Bb2 Ne7 9. Bc4 0-0 10. 0-0 a6 11. a4 b6 12. Qd6 Nc6 13. Bd5 1-0